Statistics for Which Sports Team..?

Click here to take the quiz!

General Stats

  • This quiz has been taken 545 times
  • The average score is 5 of 11

Answer Stats

Which Sports Team..?Answer% Correct
is the only current MLB team whose home city is NOT in America?Toronto Blue Jays
80%
had "Mighty" in front of their name before it was removed in 2005?Anaheim Ducks
70%
shares its home city with the Browns and the Cavaliers? (MLS, MLB, NBA, NHL, NFL)Cleveland Guardians
69%
is the only NFL team where every bordering state does NOT have a football team?Seattle Seahawks
69%
is the only team other than Alabama to win more than one College Football Championship in the 2010's?Clemson
52%
is the only NFL team that doesn't end in "S"?Washington Football Team
51%
is the oldest team that has never been in the Super Bowl?Detroit Lions
50%
shares the same color as a Boston team in its name?Cincinnati Reds
48%
is the only NCAA team who won as a 16-seed in March Madness?University of Maryland-Baltimore County (UMBC)
22%
is the only MLS team without their team name or city in their logo?*New England Revolution
8%
is the only college that left the Big Ten Conference?Chicago Maroons (1896-1946)
4%

Score Distribution

Percentile by Number Answered

Percent of People with Each Score

Your Score History

You have not taken this quiz